|
|
|
|
| LEADER |
01105nam a2200301 a 4500 |
| 001 |
4315151 |
| 003 |
BD-DhAAL |
| 008 |
091115s1988 nyua b 001 0 eng d |
| 999 |
|
|
|c 8032
|d 8032
|
| 010 |
|
|
|a 87037123
|
| 020 |
|
|
|a 0471633534
|
| 040 |
|
|
|a DLC
|c DLC
|d DLC
|d BD-DhAAL
|
| 082 |
0 |
0 |
|a 338.1
|2 20
|
| 100 |
1 |
|
|a Cramer, Gail L.
|9 29830
|
| 245 |
1 |
0 |
|a Agricultural economics and agribusiness /
|c Gail L. Cramer, Clarence W. Jensen.
|
| 250 |
|
|
|a 4th ed.
|
| 260 |
|
|
|a New York :
|b Wiley,
|c c1988.
|
| 300 |
|
|
|a xvi, 461 p. :
|b ill. ;
|c 24 cm.
|
| 504 |
|
|
|a Includes bibliographies and index.
|
| 541 |
1 |
|
|e 00004351
|
| 650 |
|
0 |
|a Agriculture
|x Economic aspects.
|9 29831
|
| 650 |
|
0 |
|a Agriculture
|x Economic aspects
|z United States.
|9 29832
|
| 650 |
|
0 |
|a Agricultural industries.
|9 29833
|
| 650 |
|
0 |
|a Agricultural industries
|z United States.
|9 29834
|
| 700 |
1 |
|
|a Jensen, Clarence W.
|9 29835
|
| 852 |
4 |
|
|a Ayesha Abed Library
|j General Shelf
|
| 942 |
|
|
|2 ddc
|c BK
|
| 952 |
|
|
|0 0
|1 0
|2 ddc
|4 0
|6 338_100000000000000_CRA
|7 0
|9 9107
|a BRACUL
|b BRACUL
|c GEN
|d 2010-04-08
|g 4818.00
|l 0
|o 338.1 CRA
|p 3010004351
|r 2010-04-08
|t 1
|w 2010-04-08
|y BK
|